• 首页
  • 本馆介绍
  • 公告通知
  • 最新文献
  • 馆藏检索
  • 电子资源
  • 读者导购
  • 参考咨询
  • 我的图书馆
  • 登录
  • 详细信息显示
  • 放入我的书架
  • 预约/预借图书
  • 作者相关作品
  • 分类相关作品
  • 丛书相关作品
  • 出版社相关作品

书目信息

  • 表格格式
  • 工作单格式
  • 卡片格式
书名: The American system of criminal justice
作者: George F. Cole.
分册号:
分册名:
出版地: Pacific Grove, Calif. :
 
出版社: Brooks/Cole Pub. Co
出版时间: c2001.
页数: xxiv, 659 p. :
开本: 24 cm.
丛书名:
中图分类号:
科图分类号:
其他分类号: D971.252
主题词:
电子资源:
000 00791pam 2200241 a 45
001 E0732317127
005 20070317091131.28
008 8808152001 caua b 00110 eng
010    @a 88026263
020    @a0534092888.
043    @an-us---
050 0  @aKF9223@b.C648 1989
082 0  @a345.73/05@a347.3055 @2 19
090    @aD971.252
099    @dD971.252@ex31=9
100 1  @aCole, George F.,@d1935-
245 14 @aThe American system of criminal justice / @cGeorge F. Cole.
250    @a9th ed.
260 0  @aPacific Grove, Calif. :@bBrooks/Cole Pub. Co.,@cc2001.
300    @axxiv, 659 p. :@bill. ;@c24 cm.
504    @aIncludes bibliographical rerences and index.
650  0 @aCriminal justice, Administration of@zUnited States.
920    @a232010@bD971.252/X13
    
    The American system of criminal justice / / George F. Cole.-9th ed.-Pacific Grove, Calif. : : Brooks/Cole Pub. Co., , c2001.
    xxiv, 659 p. : : ill. ; ; 24 cm.
    Includes bibliographical rerences and index.
    
    ISBN 0534092888.
    
●
相关链接 在E读中查询图书 在五车中查询图书 在当当中查询图书 在豆瓣中查询图书


正题名:American system of criminal justice     索取号:D971.252/x31=9         预约/预借

序号 登录号 条形码 馆藏地/架位号 状态 备注
1 0002375   300023757   第二样本阅览室/ [索取号:D971.252/x31=9] 在馆    
2 0002376   300023766   第四借阅区/ [索取号:D971.252/x31=9] 在馆    
3 0002377   300023775   第四借阅区/ [索取号:D971.252/x31=9] 在馆    
唐山师范学院图书馆 欢迎您!
大连网信软件有限公司© 版权所有